000 00356nam a22001457a 4500
020 _qPB.
040 _cFIZZA ISHAQ
082 _a025.04
_bRIC
100 _aRIBEIRO,BAEZA RICARDO.
_989469
245 _aMODERN INFORMATION RETRIEVAL /
_cRICARDO BAEZA RIBEIRO.
250 _a2nd ED.
260 _aPEARSON ;
_c2011.
300 _a913 P. ;
942 _2ddc
_cBK
999 _c588196
_d588196